000
00311nam a2200133Ia 4500
008
240624s9999 xx 000 0 und d
041
_a
eng
082
_a
891.43 VER
100
_a
VERMA BHAGWATI
245
_a
CHANAKYA
260
_c
2012
_a
Delhi
_b
Sahitya Academy
300
_a
126 : p. : cm. ; 20
365
_c
RS
999
_c
20926
_d
20926